000 005530000a22002290004500
005 20120302061420.0
942 _cBOOK
100 _a Howalt Anthony
100 _a Webb John
100 _a Knight Michal
245 _a Modern Course in Business English
250 _a Course Manual
260 _aLondon:Oxford University Press,1976
300 _a12,164p.
040 _aENG
365 _bRs.
650 _aLanguage
650 _aEnglish Language
650 _aCourse Manual
650 _aCourse-Business English
650 _aGuide-Course
999 _c353905
_d353902